| 000 | 01511nam0a2200313 4500 | ||
|---|---|---|---|
| 001 | RU\NLR\BIBL_A\011388601 | ||
| 005 | 20240922022945.0 | ||
| 010 |
_a9785742256274 _9200 |
||
| 021 |
_aRU _b2017-28719 _92119 |
||
| 035 | _a(RuMoRGB)008862964 | ||
| 035 | _a(NLR Aleph) 011388601 | ||
| 090 |
_a11441990 _c11441990 |
||
| 100 | _a20170522d2017 u y0rusy50 ca | ||
| 101 | 0 | _arus | |
| 102 | _aRU | ||
| 105 | _aa|||jzzz000zy | ||
| 200 | 1 |
_aУправление проектом: методология и практика _eучебно-методическое пособие _e[по дисциплине ""Управление проектами"] _fА. В. Финько, И. Н. Смыслова _gМ-во образования и науки Российской Федерации, Санкт-Петербургский политехнический университет Петра Великого |
|
| 210 |
_aСанкт-Петербург _cИзд-во Политехнического университета _d2017 |
||
| 215 |
_a99 с. _cил. _d21 |
||
| 320 | _aБиблиогр.: с. 99 (21 назв.) | ||
| 606 | 1 |
_aПроекты _jУчебные издания для высших учебных заведений _xУправление _91734110 _3RU\NLR\AUTH\661071500 |
|
| 686 |
_aУ9(2)210.3я73-14 _2rubbk |
||
| 686 | 1 | _aУ21(0)2я73 | |
| 700 | 1 |
_aФинько _bА. В. |
|
| 701 | 1 |
_aСмыслова _bИ. Н. |
|
| 942 | _cBOOK | ||
| 980 | _aNBR | ||